<?xml version="1.0" encoding="UTF-8"?>
<collection xmlns="http://www.loc.gov/MARC21/slim">
 <record>
  <leader>01768nam a2200253Ia 4500</leader>
  <controlfield tag="001">CTU_134334</controlfield>
  <controlfield tag="008">210402s9999    xx            000 0 und d</controlfield>
  <datafield tag="020" ind1=" " ind2=" ">
   <subfield code="c">582000</subfield>
  </datafield>
  <datafield tag="082" ind1=" " ind2=" ">
   <subfield code="a">458.3421</subfield>
  </datafield>
  <datafield tag="082" ind1=" " ind2=" ">
   <subfield code="b">L986</subfield>
  </datafield>
  <datafield tag="100" ind1=" " ind2=" ">
   <subfield code="a">Lymbery, Sylvia</subfield>
  </datafield>
  <datafield tag="245" ind1=" " ind2="0">
   <subfield code="a">Colloquial Italian :</subfield>
  </datafield>
  <datafield tag="245" ind1=" " ind2="4">
   <subfield code="b">The complete cource for beginners</subfield>
  </datafield>
  <datafield tag="245" ind1=" " ind2="0">
   <subfield code="c">Sylvia Lymbery</subfield>
  </datafield>
  <datafield tag="260" ind1=" " ind2=" ">
   <subfield code="a">London</subfield>
  </datafield>
  <datafield tag="260" ind1=" " ind2=" ">
   <subfield code="b">Routledge</subfield>
  </datafield>
  <datafield tag="260" ind1=" " ind2=" ">
   <subfield code="c">2007</subfield>
  </datafield>
  <datafield tag="520" ind1=" " ind2=" ">
   <subfield code="a">Colloquial Italian is designed to help those involved in self-study; structured to give you the opportunity to listen to and read lots of modern, everyday Italian, it has also been developed to work systematically on reinforcing and extending your grasp of Italian grammar and vocabulary. Key features of Colloquial Italian 2 include: · Revision material to help consolidate and build up your basics · A wided range of contemporary authentic documents, both written and audio · Lots of spoken and written exercises in each unit · Highlighted key structures and phrases, a Grammar reference and detailed answer keys · A broad range of situations, focusing on day to day life in Italy · Supplementary exercises and Italian language web-links at www.colloquials.routledge.com Audio material is available on two 60-minutes cassettes and CDs to accompany Colloquial Italian. Recorded by native speakers, this material will help you perfect your pronunciation andlistening skills.</subfield>
  </datafield>
  <datafield tag="650" ind1=" " ind2=" ">
   <subfield code="a">Italian language,Italian language,Italian language-Spoken Italian,Ngôn ngữ Ý</subfield>
  </datafield>
  <datafield tag="650" ind1=" " ind2=" ">
   <subfield code="x">Conversation and phrase books-English,Textbooks for foreign speakers-English</subfield>
  </datafield>
  <datafield tag="904" ind1=" " ind2=" ">
   <subfield code="i">Trọng Hải</subfield>
  </datafield>
  <datafield tag="910" ind1=" " ind2=" ">
   <subfield code="a">AVA.000352 (CD.1); AVA.000353 (CD.2)</subfield>
  </datafield>
  <datafield tag="915" ind1=" " ind2=" ">
   <subfield code="a">400</subfield>
  </datafield>
  <datafield tag="980" ind1=" " ind2=" ">
   <subfield code="a">Trung tâm Học liệu Trường Đại học Cần Thơ</subfield>
  </datafield>
 </record>
</collection>
